Mecanismos de resolución de conflictos / (Registro nro. 5010)

Detalles MARC
000 -LEADER
fixed length control field 01250nam a2200265Ia 4500
003 - CONTROL NUMBER IDENTIFIER
control field OSt
005 - DATE AND TIME OF LATEST TRANSACTION
control field 20200824150644.0
008 - FIXED-LENGTH DATA ELEMENTS--GENERAL INFORMATION
fixed length control field 191128s2003 ck gr 000 0 spa d
040 ## - CATALOGING SOURCE
Original cataloging agency CO-JMCR
Transcribing agency CO-JMCR
041 0# - LANGUAGE CODE
Language code of text/sound track or separate title spa
082 04 - DEWEY DECIMAL CLASSIFICATION NUMBER
Classification number 347.09 /
Item number R629m
Edition number 23
100 1# - MAIN ENTRY--PERSONAL NAME
Personal name Robayo Castillo, Gustavo Adolfo,
Relator term autor
9 (RLIN) 9122
245 10 - TITLE STATEMENT
Title Mecanismos de resolución de conflictos /
Statement of responsibility, etc. Gustavo Adolfo Robayo Castillo
260 ## - PUBLICATION, DISTRIBUTION, ETC.
Place of publication, distribution, etc. Bogotá :
Name of publisher, distributor, etc. Defensoría del Pueblo,
Date of publication, distribution, etc. 2003
300 ## - PHYSICAL DESCRIPTION
Extent 159 páginas ;
Dimensions 24 cm.
490 0# - SERIES STATEMENT
Series statement Red de Promotores de Derechos Humanos
500 ## - GENERAL NOTE
General note Incluye notas a pie de página.
504 ## - BIBLIOGRAPHY, ETC. NOTE
Bibliography, etc. note Bibliografía al final del texto.
505 0# - FORMATTED CONTENTS NOTE
Formatted contents note El conflicto -- La mediación -- La conciliación -- Jueces de paz -- El arbitramento -- La amigable composición
520 3# - SUMMARY, ETC.
Summary, etc. La Asamblea Nacional Constituye de 1991 legó a la nación una nueva Carta Política en la que se incluyen de manera notable principios como el de la soberanía popular, la adopción del Estado Social de Derecho fundado en la consagración de los preceptos.
650 14 - SUBJECT ADDED ENTRY--TOPICAL TERM
Topical term or geographic name entry element Resolución de disputas
General subdivision administración de justicia
Geographic subdivision Colombia
9 (RLIN) 9123
650 14 - SUBJECT ADDED ENTRY--TOPICAL TERM
Topical term or geographic name entry element Solución de conflictos
Geographic subdivision Colombia
9 (RLIN) 8341
650 24 - SUBJECT ADDED ENTRY--TOPICAL TERM
Topical term or geographic name entry element Mediación
9 (RLIN) 9124
942 ## - ADDED ENTRY ELEMENTS (KOHA)
Source of classification or shelving scheme Dewey Decimal Classification
Koha item type Books
Existencias
Withdrawn status Lost status Source of classification or shelving scheme Damaged status Not for loan Collection code Home library Current library Date acquired Source of acquisition Full call number Barcode Date last seen Copy number Koha item type
    Dewey Decimal Classification     Non-fiction Biblioteca Pública José María del Castillo y Rada Biblioteca Pública José María del Castillo y Rada 04/15/2018 Donación 347.09 / R629m 430001135 05/16/2024 Ej.1 Books